00454nam a2200193Ia 4500003000900000008004100009040001300050040001300063041000800076100002100084245007100105250001100176260001200187260000900199300001100208300001000219490002500229490000600254IT-RoPAU120407s9999 xx 000 0 und d aIT-RoPAU cIT-RoPAU aita aAndré Frossard aNon abbiate paura. André Frossard dialoga con Giovanni Paolo II. aMilano aRusconi c1983 a320 p. c22 cm aDimensione religiosa v1